[Event "DEM U10 2018"]
[Site "Willingen GER"]
[Date "2018.05.26"]
[Round "11"]
[White "Policarpo, Raphael"]
[Black "Burkart, Lloyd Shang"]
[Result "1/2-1/2"]
[Termination "normal"]
[Board "19"]
[WhiteElo "1640"]
[BlackElo "1254"]
[PlyCount "42"]
[WhiteFideId "16237676"]
[BlackFideId "16239059"]
[EventCountry "GER"]
[EventRounds "11"]
[EventType "swiss"]
[EventDate "2018.05.19"]

1. e4 c5 2. Nf3 Nc6 3. d4 cxd4 4. Nxd4 Qb6 5. Nxc6 dxc6 6. Bc4 e5 7. O-O Nf6 8.
Nc3 Be7 9. Qd3 O-O 10. a3 Rd8 11. Qg3 Bd6 12. Bg5 Kf8 13. Bxf6 gxf6 14. Bb3 Bd7
15. Qd3 Qc7 16. Qd2 Ke7 17. Rad1 Rg8 18. Ne2 Rad8 19. f4 Bg4 20. fxe5 Bxe5 21.
Qe3 Qb6 1/2-1/2

[Event "DEM U10 2018"]
[Site "Willingen GER"]
[Date "2018.05.26"]
[Round "11"]
[White "Linnemann, Caspar"]
[Black "Kamleiter, Noah"]
[Result "1-0"]
[Termination "normal"]
[Board "20"]
[WhiteElo "1408"]
[BlackElo "1213"]
[PlyCount "119"]
[WhiteFideId "16200284"]
[BlackFideId "16265815"]
[EventCountry "GER"]
[EventRounds "11"]
[EventType "swiss"]
[EventDate "2018.05.19"]

1. e4 c5 2. Nf3 Nc6 3. d4 cxd4 4. Nxd4 g6 5. Nc3 Bg7 6. Nf3 d6 7. Bc4 Bg4 8. h3
Bd7 9. O-O Nf6 10. Re1 O-O 11. Bg5 h6 12. Be3 Qc7 13. Bb3 Na5 14. Qd2 Nxb3 15.
axb3 a6 16. Bxh6 Rad8 17. Bxg7 Kxg7 18. Qe2 Nh5 19. Nd5 Qc5 20. b4 Qa7 21. Nxe7
Nf4 22. Qe3 Qxe3 23. Rxe3 Rfe8 24. Nd5 Nxh3+ 25. gxh3 Bxh3 26. Ng5 Be6 27.
Nxe6+ Rxe6 28. Rd1 f5 29. exf5 Rxe3 30. Nxe3 gxf5 31. Nxf5+ Kf6 32. Rxd6+ Rxd6
33. Nxd6 b6 34. c4 Ke6 35. Ne4 Ke5 36. f3 Kd4 37. Kf2 Kxc4 38. Ke2 Kxb4 39. Nd2
Kc5 40. Ke3 Kd6 41. f4 Ke6 42. Ke4 Kf6 43. f5 a5 44. Nc4 b5 45. Nxa5 b4 46. b3
Ke7 47. Nc6+ Kf6 48. Nxb4 Kf7 49. Ke5 Ke7 50. Nc6+ Kf7 51. f6 Kf8 52. Ke6 Ke8
53. b4 Kf8 54. b5 Ke8 55. b6 Kf8 56. b7 Kg8 57. b8=Q+ Kh7 58. Qg3 Kh6 59. Kf5
Kh7 60. Qg7# 1-0

[Event "DEM U10 2018"]
[Site "Willingen GER"]
[Date "2018.05.26"]
[Round "11"]
[White "Pauscher, Moritz"]
[Black "Klonov, Jakov"]
[Result "1/2-1/2"]
[Termination "normal"]
[Board "21"]
[WhiteElo "1351"]
[BlackElo "1264"]
[PlyCount "100"]
[WhiteFideId "16265742"]
[BlackFideId "16211928"]
[EventCountry "GER"]
[EventRounds "11"]
[EventType "swiss"]
[EventDate "2018.05.19"]

1. e4 c5 2. Nf3 Nc6 3. d4 cxd4 4. Nxd4 g6 5. Nc3 Bg7 6. Be3 Nf6 7. Bc4 Qa5 8.
O-O O-O 9. Bb3 d6 10. f3 Bd7 11. a3 Rfe8 12. Qe2 a6 13. Ba2 Rac8 14. Qd2 b5 15.
Nxc6 Bxc6 16. Rac1 Rb8 17. b4 Qc7 18. Ne2 Nd7 19. Rb1 Nb6 20. Rfe1 Na4 21. c3
Bb7 22. Rbc1 Rbc8 23. c4 bxc4 24. Bxc4 Qd8 25. Qa2 Rf8 26. Nd4 Nb6 27. Ne6 fxe6
28. Bxe6+ Kh8 29. Bxc8 Bxc8 30. Red1 Bd7 31. Qf2 Na4 32. Bd4 Bxd4 33. Qxd4+ Kg8
34. e5 Bb5 35. exd6 exd6 36. Qxd6 Qxd6 37. Rxd6 Re8 38. Kf2 Re2+ 39. Kg3 Re3
40. Rc8+ Kg7 41. Rc7+ Kh6 42. h4 Rxa3 43. Kg4 Rb3 44. g3 Rxb4+ 45. f4 Nb2 46.
Re6 Rc4 47. Rce7 Rd4 48. h5 Bd7 49. hxg6 Bxe6+ 50. Rxe6 hxg6 1/2-1/2

[Event "DEM U10 2018"]
[Site "Willingen GER"]
[Date "2018.05.26"]
[Round "11"]
[White "Itin, Timofey"]
[Black "Schüller, Julian"]
[Result "0-1"]
[Termination "normal"]
[Board "22"]
[WhiteElo "1298"]
[BlackElo "1035"]
[PlyCount "108"]
[WhiteFideId "16265777"]
[BlackFideId "16265882"]
[EventCountry "GER"]
[EventRounds "11"]
[EventType "swiss"]
[EventDate "2018.05.19"]

1. e4 e6 2. d4 d5 3. e5 c5 4. c3 Qb6 5. Nf3 Nc6 6. Bd3 Bd7 7. Bc2 Nh6 8. O-O
Nf5 9. Bxf5 exf5 10. Re1 Be6 11. Qb3 cxd4 12. cxd4 Bb4 13. Rd1 O-O 14. a3 Ba5
15. Qxb6 Bxb6 16. Be3 Rac8 17. Nc3 a6 18. Na4 Ba7 19. Nc5 Bxc5 20. dxc5 h6 21.
b4 g5 22. Bd4 Nxd4 23. Nxd4 Rfd8 24. Rd2 Kg7 25. Rad1 Rd7 26. h3 Kg6 27. g3 h5
28. Rd3 g4 29. h4 Rcc7 30. b5 Rxc5 31. bxa6 bxa6 32. Rb1 Re7 33. Rb6 a5 34. Kg2
Kg7 35. Nb3 Rc4 36. Nxa5 Ra4 37. Nc6 Rc7 38. Nd4 Re7 39. Ne2 Kh6 40. Nd4 Kg7
41. Kg1 Rc4 42. Ra6 Bd7 43. Ne2 Re4 44. Nc3 R4xe5 45. Rxd5 Rxd5 46. Nxd5 Re1+
47. Kg2 Bb5 48. Rf6 Bf1+ 49. Kh2 Be2 50. Rxf5 Bf3 51. Rg5+ Kf8 52. Rg8+ Kxg8
53. Nf6+ Kg7 54. Nxh5+ Kh6 0-1

[Event "DEM U10 2018"]
[Site "Willingen GER"]
[Date "2018.05.26"]
[Round "11"]
[White "Malchereck, Romeo"]
[Black "Weyerer, Noah"]
[Result "0-1"]
[Termination "normal"]
[Board "23"]
[WhiteElo "1184"]
[BlackElo "1263"]
[PlyCount "42"]
[WhiteFideId "16265831"]
[BlackFideId "16250664"]
[EventCountry "GER"]
[EventRounds "11"]
[EventType "swiss"]
[EventDate "2018.05.19"]

1. Nf3 d5 2. g3 Nf6 3. Bg2 Nc6 4. d4 Bf5 5. a3 e6 6. O-O h5 7. Bg5 Be7 8. Nc3
Ne4 9. Bxe7 Qxe7 10. Nxe4 dxe4 11. Nd2 Nxd4 12. Nxe4 O-O-O 13. Qc1 Nxe2+ 14.
Kh1 Nxc1 15. Raxc1 Bxe4 16. Bxe4 h4 17. c4 Rd2 18. Rc3 Rxb2 19. Rd1 hxg3 20.
fxg3 Rhxh2+ 21. Kg1 Qc5+ 0-1

[Event "DEM U10 2018"]
[Site "Willingen GER"]
[Date "2018.05.26"]
[Round "11"]
[White "Leubner, Paul Damdin"]
[Black "Rumpold, Jaron"]
[Result "0-1"]
[Termination "normal"]
[Board "24"]
[WhiteElo "1127"]
[BlackElo "1259"]
[PlyCount "110"]
[WhiteFideId "16265858"]
[BlackFideId "16265793"]
[EventCountry "GER"]
[EventRounds "11"]
[EventType "swiss"]
[EventDate "2018.05.19"]

1. e4 c5 2. Nf3 d6 3. d4 cxd4 4. Nxd4 Nf6 5. Nc3 Nc6 6. Be2 e5 7. Nb3 Be6 8.
O-O g6 9. f4 exf4 10. Bxf4 d5 11. Bg5 Be7 12. exd5 Nxd5 13. Bxe7 Ncxe7 14. Qe1
Qb6+ 15. Kh1 Ne3 16. Bb5+ Nc6 17. Rf2 O-O 18. Re2 Nd5 19. Nxd5 Bxd5 20. Bd3 Nb4
21. Qd2 Rad8 22. a3 Nxd3 23. cxd3 Bxb3 24. Rf1 Qb5 25. Rf3 Be6 26. Re4 Bd5 27.
Rb4 Qc6 28. Re3 Rc8 29. Re2 Qc1+ 30. Qe1 Qxe1+ 31. Rxe1 Rc2 32. Rg1 Rfc8 33. h3
Rd2 34. Kh2 Rxd3 35. Ra4 a6 36. Rb4 Rc2 37. a4 Rdd2 38. Rg4 Rxb2 39. h4 Rxg2+
40. R4xg2 Rxg2+ 41. Rxg2 Bxg2 42. Kxg2 b5 43. axb5 axb5 44. Kg3 b4 45. Kg4 b3
46. h5 b2 47. hxg6 b1=Q 48. gxh7+ Kxh7 49. Kf4 Qb5 50. Ke4 Kg6 51. Kd4 Kf5 52.
Ke3 Qb4 53. Kd3 Kf4 54. Kc2 Ke3 55. Kc1 Kd3 0-1

[Event "DEM U10 2018"]
[Site "Willingen GER"]
[Date "2018.05.26"]
[Round "11"]
[White "Toth, Luca"]
[Black "Müller, Mitja"]
[Result "1-0"]
[Termination "normal"]
[Board "25"]
[WhiteElo "1218"]
[BlackElo "1215"]
[PlyCount "103"]
[WhiteFideId "16260228"]
[BlackFideId "16265807"]
[EventCountry "GER"]
[EventRounds "11"]
[EventType "swiss"]
[EventDate "2018.05.19"]

1. e4 c5 2. Nf3 e6 3. c4 Qc7 4. Nc3 a6 5. Be2 Nc6 6. d4 cxd4 7. Nxd4 Bc5 8. Be3
Be7 9. O-O Nf6 10. Qd2 b6 11. Rac1 Bb7 12. a3 Nxd4 13. Qxd4 Bc5 14. Qd3 Qe5 15.
f4 Bxe4 16. fxe5 Bxd3 17. Bxc5 Bxe2 18. Nxe2 bxc5 19. exf6 gxf6 20. Rxf6 Rb8
21. Rb1 Rg8 22. Rf3 Rg4 23. Rf4 Rg8 24. Nc3 e5 25. Re4 f6 26. Nd5 Kf7 27. b4
cxb4 28. Rxb4 Rbe8 29. Rb6 Rg6 30. Rxa6 f5 31. Rxg6 hxg6 32. Re2 Ra8 33. Rxe5
Rxa3 34. Re7+ Kf8 35. Rxd7 Ra1+ 36. Kf2 Ra2+ 37. Kf3 g5 38. Re7 Ra3+ 39. Re3
Ra4 40. c5 g4+ 41. Kg3 Rc4 42. Rc3 Rd4 43. c6 Rxd5 44. c7 Kf7 45. c8=Q Kg6 46.
Qe6+ Kg5 47. Qxd5 Kg6 48. Rc6+ Kg7 49. Qxf5 Kh8 50. Rc7 Kg8 51. Qf7+ Kh8 52.
Qh7# 1-0

[Event "DEM U10 2018"]
[Site "Willingen GER"]
[Date "2018.05.26"]
[Round "11"]
[White "Fruth, David"]
[Black "Hubert, Nikita"]
[Result "0-1"]
[Termination "normal"]
[Board "26"]
[WhiteElo "1482"]
[BlackElo "1122"]
[PlyCount "98"]
[WhiteFideId "16257596"]
[BlackFideId "16235754"]
[EventCountry "GER"]
[EventRounds "11"]
[EventType "swiss"]
[EventDate "2018.05.19"]

1. e4 e5 2. Nf3 Nc6 3. Bc4 Bc5 4. Nc3 d6 5. d3 Bg4 6. h3 Bh5 7. Be3 Bb6 8. g4
Bg6 9. h4 h6 10. h5 Bh7 11. g5 Bxe3 12. fxe3 hxg5 13. Nxg5 Qxg5 14. Qf3 Nf6 15.
O-O-O O-O-O 16. Bxf7 Rhf8 17. Be6+ Nd7 18. Bxd7+ Kxd7 19. Qh3+ Ke8 20. Nd5 Rd7
21. Qe6+ Ne7 22. Rdg1 Qh6 23. Rg6 Bxg6 24. Nxe7 Bf7 25. Qxh6 gxh6 26. Nf5 Bxa2
27. Nxh6 Rh8 28. Nf5 Be6 29. h6 Bxf5 30. exf5 Rdh7 31. e4 Rxh6 32. Rxh6 Rxh6
33. c4 c6 34. b3 b5 35. Kd1 bxc4 36. bxc4 Rh7 37. Kc1 a5 38. Kb2 Rh3 39. Kc2 a4
40. Kc3 a3 41. Kc2 Rh2+ 42. Kb1 Rd2 43. f6 Kf7 44. c5 dxc5 45. d4 cxd4 46. Ka1
d3 47. Kb1 Rc2 48. Ka1 d2 49. Kb1 d1=Q# 0-1

[Event "DEM U10 2018"]
[Site "Willingen GER"]
[Date "2018.05.26"]
[Round "11"]
[White "Henzgen, Pascal"]
[Black "Mader, Fabian"]
[Result "0-1"]
[Termination "normal"]
[Board "27"]
[WhiteElo "1223"]
[BlackElo "1095"]
[PlyCount "88"]
[WhiteFideId "16263138"]
[BlackFideId "16265866"]
[EventCountry "GER"]
[EventRounds "11"]
[EventType "swiss"]
[EventDate "2018.05.19"]

1. d4 Nf6 2. Nf3 g6 3. g3 Bg7 4. Bg2 O-O 5. O-O d5 6. c4 b6 7. b3 Bb7 8. Bb2
Nbd7 9. Nc3 c5 10. Rb1 Re8 11. dxc5 Nxc5 12. Re1 a6 13. a4 Qd6 14. Ba3 Rad8 15.
Qc2 Qc7 16. Rbc1 dxc4 17. b4 Nb3 18. b5 Nxc1 19. Rxc1 a5 20. e4 Nd7 21. Nd5
Bxd5 22. exd5 Rc8 23. Nd4 Bxd4 24. Re1 Bc5 25. Bb2 Bb4 26. Re2 c3 27. Bc1 e5
28. Re1 Bc5 29. Rd1 Bd4 30. Bh3 Rcd8 31. Bg2 Nf6 32. Bg5 Rd6 33. Bh6 Nxd5 34.
Bxd5 Rxd5 35. Rc1 Qc5 36. Kg2 Rd6 37. Qe2 Rf6 38. f3 Rfe6 39. Qa2 e4 40. fxe4
Rxe4 41. Rf1 Re2+ 42. Kh1 Rxa2 43. h4 Qd5+ 44. Rf3 Qxf3# 0-1

[Event "DEM U10 2018"]
[Site "Willingen GER"]
[Date "2018.05.26"]
[Round "11"]
[White "Westedt, Felix"]
[Black "Ivanov, Alexander"]
[Result "0-1"]
[Termination "normal"]
[Board "29"]
[WhiteElo "1049"]
[BlackElo "1155"]
[PlyCount "53"]
[WhiteFideId "16265874"]
[BlackFideId "34604472"]
[EventCountry "GER"]
[EventRounds "11"]
[EventType "swiss"]
[EventDate "2018.05.19"]

1. e4 c5 2. Nf3 g6 3. d4 cxd4 4. Nxd4 Bg7 5. Nc3 Nc6 6. Be3 Nf6 7. Be2 O-O 8.
O-O Qb6 9. Nxc6 Qxc6 10. Bb5 Qe6 11. b3 Nxe4 12. Bc4 Nxc3 13. Bxe6 Nxd1 14.
Bxf7+ Rxf7 15. Raxd1 b6 16. Rfe1 d6 17. Bg5 Kf8 18. Re2 Ba6 19. Re3 Bd4 20.
Rxd4 Rc8 21. Rd2 Re8 22. Bh6+ Kg8 23. Rxd6 Rc8 24. Rc3 exd6 25. Rxc8+ Bxc8 26.
g3 Re7 27. Kg2 0-1

[Event "DEM U10 2018"]
[Site "Willingen GER"]
[Date "2018.05.26"]
[Round "11"]
[White "Cromm, Mika"]
[Black "Fröhlich, Niklas"]
[Result "1-0"]
[Termination "normal"]
[Board "30"]
[WhiteElo "1374"]
[BlackElo "1147"]
[PlyCount "47"]
[WhiteFideId "16244915"]
[BlackFideId "16245016"]
[EventCountry "GER"]
[EventRounds "11"]
[EventType "swiss"]
[EventDate "2018.05.19"]

1. d4 Nf6 2. c4 g6 3. Nc3 Bg7 4. g3 d5 5. Bg2 c6 6. Qb3 dxc4 7. Qxc4 Be6 8. Qd3
Na6 9. a3 Qa5 10. Bd2 Qb6 11. Na4 Qc7 12. Nf3 O-O-O 13. O-O Ng4 14. e3 b5 15.
Rfc1 Kb7 16. Nc5+ Nxc5 17. Rxc5 Qb6 18. Qc2 Rd5 19. Bb4 Rxc5 20. Bxc5 Qc7 21.
a4 Kb8 22. axb5 cxb5 23. Rxa7 Qd8 24. Ne5 1-0

[Event "ODJM A 2018"]
[Site "Willingen GER"]
[Date "2018.05.20"]
[Round "1"]
[White "Krause, Benedict"]
[Black "Muckle, Richard"]
[Result "1-0"]
[Termination "normal"]
[Board "1"]
[WhiteTitle "FM"]
[WhiteElo "2448"]
[BlackElo "2014"]
[WhiteClock "00:01:29"]
[BlackClock "00:00:49"]
[PlyCount "77"]
[WhiteFideId "12917990"]
[BlackFideId "12942553"]
[EventCountry "GER"]
[EventRounds "9"]
[EventType "swiss"]
[EventDate "2018.05.19"]

1. e4 {[%clk 1:30:58]} 1... e6 {[%clk 1:30:40]} 2. d4 {[%clk 1:31:22]} 2... d5
{[%clk 1:30:50]} 3. Nc3 {[%clk 1:31:46]} 3... dxe4 {[%clk 1:30:50]} 4. Nxe4 {
[%clk 1:32:08]} 4... Be7 {[%clk 1:31:15]} 5. Nf3 {[%clk 1:30:33]} 5... Nf6 {
[%clk 1:31:36]} 6. Bd3 {[%clk 1:29:58]} 6... Bd7 {[%clk 1:31:12]} 7. Nxf6+ {
[%clk 1:26:00]} 7... Bxf6 {[%clk 1:31:23]} 8. O-O {[%clk 1:25:29]} 8... O-O {
[%clk 1:25:41]} 9. c3 {[%clk 1:23:06]} 9... Re8 {[%clk 1:21:35]} 10. Bf4 {
[%clk 1:20:11]} 10... c5 {[%clk 1:12:56]} 11. Be4 {[%clk 1:05:02]} 11... Bc6 {
[%clk 1:12:17]} 12. Bxc6 {[%clk 1:03:41]} 12... Nxc6 {[%clk 1:12:43]} 13. dxc5
{[%clk 1:02:53]} 13... e5 {[%clk 1:10:42]} 14. Be3 {[%clk 0:53:10]} 14... e4 {
[%clk 1:11:00]} 15. Qxd8 {[%clk 0:52:10]} 15... Raxd8 {[%clk 1:11:11]} 16. Nd2
{[%clk 0:51:22]} 16... Na5 {[%clk 1:09:13]} 17. Rfd1 {[%clk 0:46:57]} 17... g6
{[%clk 1:01:57]} 18. Kf1 {[%clk 0:45:09]} 18... h5 {[%clk 0:59:25]} 19. Ke2 {
[%clk 0:42:29]} 19... Bg7 {[%clk 0:29:51]} 20. Rac1 {[%clk 0:36:29]} 20... f5 {
[%clk 0:18:21]} 21. b4 {[%clk 0:29:46]} 21... Nc6 {[%clk 0:17:54]} 22. Nc4 {
[%clk 0:20:01]} 22... Rxd1 {[%clk 0:17:51]} 23. Kxd1 {[%clk 0:20:25]} 23...
Rd8+ {[%clk 0:14:16]} 24. Ke2 {[%clk 0:08:50]} 24... Rd3 {[%clk 0:12:38]} 25.
Bd2 {[%clk 0:07:40]} 25... Ne7 {[%clk 0:12:25]} 26. Nb2 {[%clk 0:07:01]} 26...
Rd7 {[%clk 0:12:06]} 27. Rc2 {[%clk 0:06:53]} 27... Nc6 {[%clk 0:06:16]} 28.
Bf4 {[%clk 0:06:21]} 28... Rd5 {[%clk 0:03:58]} 29. a3 {[%clk 0:05:42]} 29...
Kh7 {[%clk 0:03:28]} 30. Rd2 {[%clk 0:04:32]} 30... Ne7 {[%clk 0:02:03]} 31.
Nd1 {[%clk 0:04:22]} 31... Rxd2+ {[%clk 0:01:26]} 32. Kxd2 {[%clk 0:04:39]}
32... Nd5 {[%clk 0:01:49]} 33. Bb8 {[%clk 0:04:44]} 33... a6 {[%clk 0:02:12]}
34. c4 {[%clk 0:04:40]} 34... Ne7 {[%clk 0:01:38]} 35. Bf4 {[%clk 0:01:22]}
35... Nc6 {[%clk 0:01:30]} 36. Ne3 {[%clk 0:01:11]} 36... Bb2 {[%clk 0:01:26]}
37. b5 {[%clk 0:01:06]} 37... Ne7 {[%clk 0:00:38]} 38. c6 {[%clk 0:01:09]}
38... bxc6 {[%clk 0:00:49]} 39. b6 {[%clk 0:01:29]} 1-0

[Event "ODJM A 2018"]
[Site "Willingen GER"]
[Date "2018.05.20"]
[Round "1"]
[White "Gorainow, Nikita"]
[Black "Ehmann, Thilo"]
[Result "0-1"]
[Termination "normal"]
[Board "2"]
[BlackTitle "FM"]
[WhiteElo "1893"]
[BlackElo "2287"]
[WhiteClock "00:02:48"]
[BlackClock "00:49:32"]
[PlyCount "64"]
[WhiteFideId "12970093"]
[BlackFideId "12940968"]
[EventCountry "GER"]
[EventRounds "9"]
[EventType "swiss"]
[EventDate "2018.05.19"]

1. e4 {[%clk 1:30:57]} 1... e5 {[%clk 1:30:58]} 2. Nf3 {[%clk 1:31:20]} 2...
Nc6 {[%clk 1:31:26]} 3. Nc3 {[%clk 1:31:45]} 3... Nf6 {[%clk 1:31:53]} 4. Bb5 {
[%clk 1:32:06]} 4... Bd6 {[%clk 1:32:20]} 5. O-O {[%clk 1:31:55]} 5... O-O {
[%clk 1:28:45]} 6. d3 {[%clk 1:28:59]} 6... h6 {[%clk 1:27:52]} 7. Ne2 { [%clk
1:20:24]} 7... a6 {[%clk 1:26:14]} 8. Ba4 {[%clk 1:18:42]} 8... b5 { [%clk
1:25:34]} 9. Bb3 {[%clk 1:19:06]} 9... Na5 {[%clk 1:25:38]} 10. Ng3 { [%clk
1:05:02]} 10... Re8 {[%clk 1:25:26]} 11. c3 {[%clk 1:00:30]} 11... Nxb3 { [%clk
1:25:29]} 12. axb3 {[%clk 1:00:38]} 12... Bf8 {[%clk 1:25:38]} 13. Qe2 { [%clk
0:50:24]} 13... d5 {[%clk 1:20:25]} 14. Rd1 {[%clk 0:49:37]} 14... Bb7 { [%clk
1:19:22]} 15. Be3 {[%clk 0:37:32]} 15... Qc8 {[%clk 1:19:28]} 16. exd5 { [%clk
0:30:19]} 16... Nxd5 {[%clk 1:17:09]} 17. Qc2 {[%clk 0:23:34]} 17... Nf4 {[%clk
1:10:59]} 18. Bxf4 {[%clk 0:19:46]} 18... exf4 {[%clk 1:11:24]} 19. Ne4 {[%clk
0:19:46]} 19... c5 {[%clk 1:06:00]} 20. Re1 {[%clk 0:19:28]} 20... Qf5 { [%clk
1:05:51]} 21. Nfd2 {[%clk 0:18:30]} 21... Qg6 {[%clk 1:03:44]} 22. f3 { [%clk
0:16:14]} 22... f5 {[%clk 1:03:38]} 23. Nf2 {[%clk 0:16:11]} 23... Re3 { [%clk
1:03:53]} 24. Kf1 {[%clk 0:15:05]} 24... Rae8 {[%clk 1:03:08]} 25. Nh3 { [%clk
0:10:44]} 25... Qe6 {[%clk 1:01:24]} 26. Red1 {[%clk 0:09:02]} 26... g5 { [%clk
0:59:37]} 27. Ng1 {[%clk 0:06:53]} 27... Rd8 {[%clk 0:56:30]} 28. Nb1 { [%clk
0:06:45]} 28... g4 {[%clk 0:54:30]} 29. fxg4 {[%clk 0:06:19]} 29... fxg4 {[%clk
0:53:38]} 30. Na3 {[%clk 0:06:01]} 30... g3 {[%clk 0:49:39]} 31. hxg3 { [%clk
0:05:01]} 31... fxg3 {[%clk 0:49:29]} 32. Nh3 {[%clk 0:02:48]} 32... Re8 {[%clk
0:49:32]} 0-1

[Event "ODJM A 2018"]
[Site "Willingen GER"]
[Date "2018.05.20"]
[Round "1"]
[White "Syrov, Arkadi"]
[Black "Gerlach, Felix"]
[Result "1-0"]
[Termination "normal"]
[Board "3"]
[WhiteElo "2291"]
[BlackElo "1907"]
[WhiteClock "00:19:01"]
[BlackClock "00:19:52"]
[PlyCount "100"]
[WhiteFideId "12942448"]
[BlackFideId "12957690"]
[EventCountry "GER"]
[EventRounds "9"]
[EventType "swiss"]
[EventDate "2018.05.19"]

1. e4 {[%clk 1:30:58]} 1... e5 {[%clk 1:30:53]} 2. Nf3 {[%clk 1:31:21]} 2...
Nc6 {[%clk 1:31:12]} 3. Bb5 {[%clk 1:31:46]} 3... a6 {[%clk 1:31:02]} 4. Ba4 {
[%clk 1:32:11]} 4... Nf6 {[%clk 1:31:11]} 5. d3 {[%clk 1:32:21]} 5... b5 {
[%clk 1:31:22]} 6. Bb3 {[%clk 1:32:46]} 6... Be7 {[%clk 1:31:34]} 7. Nc3 {
[%clk 1:33:09]} 7... d6 {[%clk 1:30:49]} 8. a3 {[%clk 1:32:26]} 8... O-O {
[%clk 1:27:06]} 9. O-O {[%clk 1:32:10]} 9... Na5 {[%clk 1:26:48]} 10. Ba2 {
[%clk 1:32:34]} 10... Be6 {[%clk 1:27:08]} 11. Bxe6 {[%clk 1:28:09]} 11... fxe6
{[%clk 1:27:27]} 12. b4 {[%clk 1:28:36]} 12... Nc6 {[%clk 1:26:27]} 13. Bd2 {
[%clk 1:19:25]} 13... Qe8 {[%clk 1:19:47]} 14. Ne2 {[%clk 1:17:17]} 14... Nh5 {
[%clk 1:17:14]} 15. a4 {[%clk 1:15:43]} 15... Qg6 {[%clk 1:15:36]} 16. Ng3 {
[%clk 1:13:49]} 16... Nf4 {[%clk 1:10:59]} 17. d4 {[%clk 1:00:58]} 17... Bf6 {
[%clk 0:55:34]} 18. Ra3 {[%clk 0:37:19]} 18... h5 {[%clk 0:47:44]} 19. d5 {
[%clk 0:26:47]} 19... exd5 {[%clk 0:41:20]} 20. Bxf4 {[%clk 0:26:56]} 20...
exf4 {[%clk 0:39:47]} 21. Qxd5+ {[%clk 0:27:17]} 21... Qf7 {[%clk 0:37:42]} 22.
Qxc6 {[%clk 0:26:03]} 22... fxg3 {[%clk 0:37:56]} 23. hxg3 {[%clk 0:23:54]}
23... Qc4 {[%clk 0:31:28]} 24. Qd5+ {[%clk 0:19:07]} 24... Qxd5 {[%clk 0:30:11]
} 25. exd5 {[%clk 0:19:32]} 25... bxa4 {[%clk 0:30:09]} 26. Re1 {[%clk 0:11:19]
} 26... Rfb8 {[%clk 0:26:14]} 27. Rxa4 {[%clk 0:11:07]} 27... Rb6 { [%clk
0:26:12]} 28. Re4 {[%clk 0:10:07]} 28... c6 {[%clk 0:25:28]} 29. dxc6 { [%clk
0:01:58]} 29... Rxc6 {[%clk 0:24:52]} 30. b5 {[%clk 0:01:23]} 30... Rxc2 {[%clk
0:18:12]} 31. Reb4 {[%clk 0:01:23]} 31... Rcc8 {[%clk 0:12:08]} 32. bxa6 {[%clk
0:01:03]} 32... Kf7 {[%clk 0:11:22]} 33. Rb7+ {[%clk 0:01:09]} 33... Ke6 {[%clk
0:11:44]} 34. a7 {[%clk 0:01:23]} 34... Kd5 {[%clk 0:11:04]} 35. Rb5+ { [%clk
0:01:04]} 35... Kc6 {[%clk 0:10:06]} 36. Rxh5 {[%clk 0:01:03]} 36... d5 { [%clk
0:09:57]} 37. g4 {[%clk 0:00:59]} 37... Kb5 {[%clk 0:08:52]} 38. Ra2 { [%clk
0:01:09]} 38... Rc1+ {[%clk 0:08:47]} 39. Kh2 {[%clk 0:01:35]} 39... Kc4 {[%clk
0:08:48]} 40. Ra5 {[%clk 0:01:06]} 40... Rd1 {[%clk 0:08:46]} 41. g3 { [%clk
0:28:24]} 41... Bc3 {[%clk 0:37:49]} 42. Ra6 {[%clk 0:21:04]} 42... Kb3 { [%clk
0:30:28]} 43. Rf5 {[%clk 0:17:40]} 43... Kc2 {[%clk 0:29:38]} 44. Rf7 { [%clk
0:17:01]} 44... Ra1 {[%clk 0:22:33]} 45. Rxa1 {[%clk 0:17:08]} 45... Bxa1
{[%clk 0:22:57]} 46. Rd7 {[%clk 0:17:30]} 46... d4 {[%clk 0:23:09]} 47. Nxd4+ {
[%clk 0:17:56]} 47... Bxd4 {[%clk 0:23:11]} 48. Rxd4 {[%clk 0:18:21]} 48...
Rxa7 {[%clk 0:23:36]} 49. f4 {[%clk 0:18:42]} 49... Kc3 {[%clk 0:23:51]} 50.
Rd8 {[%clk 0:19:01]} 50... Re7 {[%clk 0:19:52]} 1-0

[Event "ODJM A 2018"]
[Site "Willingen GER"]
[Date "2018.05.20"]
[Round "1"]
[White "Gallasch, Jonas"]
[Black "Holtel, Jasper"]
[Result "0-1"]
[Termination "normal"]
[Board "4"]
[BlackTitle "FM"]
[WhiteElo "1924"]
[BlackElo "2240"]
[WhiteClock "00:01:28"]
[BlackClock "00:07:29"]
[PlyCount "74"]
[WhiteFideId "16222474"]
[BlackFideId "12956376"]
[EventCountry "GER"]
[EventRounds "9"]
[EventType "swiss"]
[EventDate "2018.05.19"]

1. d4 {[%clk 1:30:58]} 1... Nf6 {[%clk 1:29:27]} 2. c4 {[%clk 1:31:24]} 2... g6
{[%clk 1:29:16]} 3. Nc3 {[%clk 1:31:39]} 3... d5 {[%clk 1:30:08]} 4. cxd5 {
[%clk 1:31:49]} 4... Nxd5 {[%clk 1:29:15]} 5. e4 {[%clk 1:32:08]} 5... Nxc3 {
[%clk 1:29:26]} 6. bxc3 {[%clk 1:32:30]} 6... Bg7 {[%clk 1:29:44]} 7. Be3 {
[%clk 1:32:37]} 7... c5 {[%clk 1:30:02]} 8. Nf3 {[%clk 1:32:59]} 8... Qa5 {
[%clk 1:30:23]} 9. Qd2 {[%clk 1:33:23]} 9... Nc6 {[%clk 1:30:13]} 10. Rb1 {
[%clk 1:33:37]} 10... O-O {[%clk 1:23:57]} 11. Rb5 {[%clk 1:33:56]} 11... cxd4
{[%clk 1:24:19]} 12. Rxa5 {[%clk 1:34:21]} 12... dxe3 {[%clk 1:24:39]} 13. Qxe3
{[%clk 1:34:44]} 13... Nxa5 {[%clk 1:25:01]} 14. Nd4 {[%clk 1:35:00]} 14... Bd7
{[%clk 1:22:38]} 15. e5 {[%clk 1:35:07]} 15... Rfc8 {[%clk 1:13:12]} 16. f4 {
[%clk 1:30:41]} 16... a6 {[%clk 0:46:23]} 17. Be2 {[%clk 1:13:00]} 17... Rc7 {
[%clk 0:43:23]} 18. Kf2 {[%clk 1:08:11]} 18... Rac8 {[%clk 0:41:32]} 19. Rc1 {
[%clk 1:04:55]} 19... e6 {[%clk 0:26:59]} 20. Nb3 {[%clk 0:43:36]} 20... Bf8 {
[%clk 0:25:19]} 21. Qd2 {[%clk 0:37:28]} 21... Nc6 {[%clk 0:21:16]} 22. Bd3 {
[%clk 0:31:29]} 22... Be8 {[%clk 0:19:31]} 23. Ke2 {[%clk 0:29:46]} 23... Ba3 {
[%clk 0:17:54]} 24. Rc2 {[%clk 0:29:52]} 24... Ne7 {[%clk 0:17:28]} 25. Be4 {
[%clk 0:23:33]} 25... Bb5+ {[%clk 0:15:13]} 26. Kf3 {[%clk 0:22:15]} 26... Rd7
{[%clk 0:13:13]} 27. Qe3 {[%clk 0:20:25]} 27... Nd5 {[%clk 0:08:02]} 28. Bxd5 {
[%clk 0:17:34]} 28... Rxd5 {[%clk 0:08:23]} 29. Nd4 {[%clk 0:17:27]} 29... Ba4
{[%clk 0:08:16]} 30. Rd2 {[%clk 0:14:32]} 30... Bc1 {[%clk 0:07:49]} 31. Ke4 {
[%clk 0:11:48]} 31... Rdc5 {[%clk 0:06:27]} 32. Ne2 {[%clk 0:08:10]} 32... Bc6+
{[%clk 0:05:50]} 33. Kd3 {[%clk 0:08:35]} 33... Bb5+ {[%clk 0:06:11]} 34. Ke4 {
[%clk 0:05:29]} 34... Bxd2 {[%clk 0:06:30]} 35. Qxd2 {[%clk 0:05:50]} 35...
Bxe2 {[%clk 0:06:54]} 36. Qxe2 {[%clk 0:06:13]} 36... Rxc3 {[%clk 0:07:07]} 37.
Kd4 {[%clk 0:01:28]} 37... b5 {[%clk 0:07:29]} 0-1